|
|
|
|
| LEADER |
00000nas a2200000 a 4500 |
| 001 |
ssj0003430 |
| 003 |
WaSeSS |
| 005 |
20200512172242.0 |
| 006 |
m d |
| 007 |
cr n |
| 008 |
830207d19832001coumr p s 0 a0eng c |
| 010 |
|
|
|a sc 84008263
|z sn 83001694
|
| 016 |
7 |
|
|a 8400108
|2 DNLM
|
| 016 |
7 |
|
|a H05490000
|2 DNLM
|
| 016 |
7 |
|
|a 009200452
|2 Uk
|
| 022 |
|
|
|l 0745-4678
|y 0745-4678
|
| 030 |
|
|
|a HITOD3
|
| 032 |
|
|
|a 584930
|b USPS
|
| 035 |
|
|
|a (WaSeSS)ssj0003430
|
| 040 |
|
|
|a NSD
|b eng
|c NSD
|d HUL
|d DLC
|d NST
|d NLM
|d RCS
|d NSD
|d DLC
|d AIP
|d NSD
|d NST
|d NSD
|d NLM
|d FXC
|d NST
|d NSD
|d HUL
|d DLC
|d BSS
|d GUA
|d OCLCQ
|d CDS
|d OCLCQ
|d UKMGB
|d OCLCF
|d OCLCQ
|d RDF
|d OCLCQ
|d OCLCO
|d OCLCA
|d WaSeSS
|
| 042 |
|
|
|a nsdp
|a pcc
|
| 050 |
|
4 |
|a HD9994.A1
|b H43
|
| 060 |
0 |
0 |
|a W1
|b HE351B
|
| 082 |
1 |
0 |
|a 338
|2 11
|
| 210 |
0 |
|
|a Health ind. today
|
| 222 |
|
0 |
|a Health industry today
|
| 245 |
0 |
0 |
|a Health industry today
|h [electronic resource].
|
| 246 |
1 |
7 |
|a HIT
|f <July 1986>-19
|
| 260 |
|
|
|a [Union, N.J.] :
|b [Cassak Publications],
|c 1983-©2001.
|
| 310 |
|
|
|a Monthly
|
| 362 |
0 |
|
|a 83/1-v. 64, no. 7 (July 2001).
|
| 500 |
|
|
|a Title from cover.
|
| 500 |
|
|
|a Imprint varies: Philadelphia, PA : J.B. Lippincott Co., <July 1986->; Englewood, CO : Business Word, Inc., <Nov. 1992>-2001.
|
| 506 |
|
|
|a License restrictions may limit access.
|
| 515 |
|
|
|a Vols. for Jan. 1983-July 2001 called also: Vol. 46, no. 1-v. 64, no. 7.
|
| 580 |
|
|
|a Absorbed by: Hospital material$ management.
|
| 650 |
|
0 |
|a Medical instruments and apparatus industry
|v Periodicals.
|
| 650 |
|
0 |
|a Surgical instruments and apparatus industry
|v Periodicals.
|
| 650 |
|
7 |
|a Medical instruments and apparatus industry.
|2 fast
|0 (OCoLC)fst01014239
|
| 650 |
|
7 |
|a Surgical instruments and apparatus industry.
|2 fast
|0 (OCoLC)fst01139462
|
| 650 |
|
2 |
|a Equipment and Supplies.
|
| 650 |
|
2 |
|a Equipment and Supplies, Hospital.
|
| 650 |
|
2 |
|a Surgical Equipment.
|
| 650 |
|
2 |
|a Surgical Instruments.
|
| 655 |
|
0 |
|a Electronic journals.
|
| 780 |
0 |
0 |
|t Surgical business
|x 0039-6095
|w (DLC)sc 79004102
|w (OCoLC)1466479
|
| 785 |
1 |
4 |
|t Hospital material$ management
|g Aug. 2001
|x 0888-3068
|w (DLC)sn 86014610
|w (OCoLC)13544881
|
| 850 |
|
|
|a DNLM
|a IC
|a MBCo
|a N
|a NN
|a PPD
|
| 856 |
4 |
0 |
|z Full text available from Research Library: 01/01/1992 to 07/31/2001
|u https://search.proquest.com/publication/47369
|